000 00794cab a2200265 4500
001 ABS57757
008 090401t1997 xxu||||| |||| 00| 0 eng d
035 _a(Sirsi) u81556
041 _aeng
100 _aRobinson, R.
245 _aRent losses - do landlords and tenants receive adequate indemnity?
260 _c1997
350 _a0
490 _aProperty Journal
_vSeptember 1997, 10-12(3)
520 _aExamines the adequacy of cover for rent under insurance policies. Advises how to avoid disappointment and problems arising from loss settlements.
650 _aINDEMNITY INSURANCE
650 _aINSURANCE COVER
650 _aLANDLORDS
650 _aRENT
650 _aTENANTS
690 _aInsurance
_96249
700 _aKeane, P.
942 _n0
948 _c21/10/1997
999 _c51389
_d51389